[Event "2024 National Middle School Championship"]
[Site "Atlanta, Georgia, United States"]
[Date "2024.05.12"]
[Round "7.17"]
[White "Kumar, Shalin"]
[Black "Pitynski, Angelica"]
[Result "1/2-1/2"]
[TimeControl "G/90;d10"]
[WhiteElo "1236"]
[BlackElo "1279"]

1. Nf3 {[%clk 01:30:00]} {[%emt 00:00:02]} d5 {[%clk 01:29:59]} {[%emt
00:00:11]} 2. g3 {[%clk 01:30:00]} {[%emt 00:00:04]} Nc6 {[%clk 01:29:47]}
{[%emt 00:00:22]} 3. Bg2 {[%clk 01:30:00]} {[%emt 00:00:10]} Nf6 {[%clk
01:28:38]} {[%emt 00:01:20]} 4. d3 {[%clk 01:29:56]} {[%emt 00:00:13]} Bg4
{[%clk 01:28:09]} {[%emt 00:00:39]} 5. Nbd2 {[%clk 01:29:03]} {[%emt 00:01:03]}
e6 {[%clk 01:27:17]} {[%emt 00:01:02]} 6. h3 {[%clk 01:28:22]} {[%emt
00:00:51]} Bxf3 {[%clk 01:26:20]} {[%emt 00:01:06]} 7. Bxf3 {[%clk 01:28:22]}
{[%emt 00:00:08]} Bd6 {[%clk 01:25:08]} {[%emt 00:01:23]} 8. c4 {[%clk
01:25:38]} {[%emt 00:02:54]} O-O {[%clk 01:20:59]} {[%emt 00:04:18]} 9. cxd5
{[%clk 01:23:24]} {[%emt 00:02:24]} exd5 {[%clk 01:19:06]} {[%emt 00:02:03]} 10.
Nb3 {[%clk 01:15:28]} {[%emt 00:08:06]} Re8 {[%clk 01:15:36]} {[%emt 00:03:40]}
11. O-O {[%clk 01:10:01]} {[%emt 00:05:37]} a5 {[%clk 01:09:04]} {[%emt
00:06:43]} 12. Bg5 {[%clk 01:08:26]} {[%emt 00:01:44]} Be7 {[%clk 01:06:59]}
{[%emt 00:02:15]} 13. e3 {[%clk 01:05:22]} {[%emt 00:03:15]} h6 {[%clk
01:04:15]} {[%emt 00:02:54]} 14. Bxf6 {[%clk 01:04:59]} {[%emt 00:00:33]} Bxf6
{[%clk 01:04:15]} {[%emt 00:00:07]} 15. d4 {[%clk 01:04:59]} {[%emt 00:00:04]}
Ne7 {[%clk 00:53:17]} {[%emt 00:11:08]} 16. Qd3 {[%clk 01:03:36]} {[%emt
00:01:32]} c6 {[%clk 00:51:31]} {[%emt 00:01:56]} 17. Bg4 {[%clk 00:55:16]}
{[%emt 00:08:30]} Qb6 {[%clk 00:44:58]} {[%emt 00:06:44]} 18. Nc5 {[%clk
00:54:26]} {[%emt 00:00:59]} Nc8 {[%clk 00:29:25]} {[%emt 00:15:43]} 19. Nd7
{[%clk 00:53:30]} {[%emt 00:01:06]} Qd8 {[%clk 00:28:52]} {[%emt 00:00:43]} 20.
Nxf6+ {[%clk 00:53:27]} {[%emt 00:00:13]} Qxf6 {[%clk 00:28:49]} {[%emt
00:00:13]} 21. Rac1 {[%clk 00:47:26]} {[%emt 00:06:11]} Nd6 {[%clk 00:28:05]}
{[%emt 00:00:54]} 22. a4 {[%clk 00:46:29]} {[%emt 00:01:08]} g6 {[%clk
00:24:00]} {[%emt 00:04:15]} 23. h4 {[%clk 00:45:06]} {[%emt 00:01:33]} Qe7
{[%clk 00:19:40]} {[%emt 00:04:29]} 24. Bh3 {[%clk 00:42:27]} {[%emt 00:02:49]}
Qe4 {[%clk 00:18:17]} {[%emt 00:01:34]} 25. Qxe4 {[%clk 00:42:03]} {[%emt
00:00:33]} Nxe4 {[%clk 00:18:17]} {[%emt 00:00:08]} 26. Bg2 {[%clk 00:42:02]}
{[%emt 00:00:11]} f5 {[%clk 00:16:48]} {[%emt 00:01:38]} 27. Bxe4 {[%clk
00:42:02]} {[%emt 00:00:08]} Rxe4 {[%clk 00:16:40]} {[%emt 00:00:19]} 28. Kg2
{[%clk 00:41:50]} {[%emt 00:00:22]} Ra6 {[%clk 00:15:56]} {[%emt 00:00:54]} 29.
Rc5 {[%clk 00:41:04]} {[%emt 00:00:55]} Kf7 {[%clk 00:15:38]} {[%emt 00:00:28]}
30. b3 {[%clk 00:39:31]} {[%emt 00:01:43]} Kf6 {[%clk 00:15:30]} {[%emt
00:00:18]} 31. Rh1 {[%clk 00:38:20]} {[%emt 00:01:16]} Ke6 {[%clk 00:14:16]}
{[%emt 00:01:29]} 32. Rhc1 {[%clk 00:37:57]} {[%emt 00:00:33]} Kf6 {[%clk
00:13:47]} {[%emt 00:00:39]} 33. Rh1 {[%clk 00:37:57]} {[%emt 00:00:05]} Ke6
{[%clk 00:13:47]} {[%emt 00:00:09]} 1/2-1/2

[Event "2024 National Middle School Championship"]
[Site "Atlanta, Georgia, United States"]
[Date "2024.05.12"]
[Round "7.18"]
[White "Tripathy, Aryansh"]
[Black "Pearson, Oga"]
[Result "1-0"]
[TimeControl "G/90;d10"]
[WhiteElo "1070"]
[BlackElo "1002"]

1. d4 {[%clk 01:30:00]} Nf6 {[%clk 01:29:52]} {[%emt 00:00:19]} 2. c4 {[%clk
01:29:59]} {[%emt 00:00:11]} c5 {[%clk 01:28:50]} {[%emt 00:01:12]} 3. e3
{[%clk 01:29:19]} {[%emt 00:00:50]} d5 {[%clk 01:27:41]} {[%emt 00:01:19]} 4.
Nf3 {[%clk 01:28:07]} {[%emt 00:01:22]} Nc6 {[%clk 01:27:29]} {[%emt 00:00:22]}
5. h3 {[%clk 01:27:46]} {[%emt 00:00:31]} Bf5 {[%clk 01:27:10]} {[%emt
00:00:28]} 6. Bd3 {[%clk 01:27:15]} {[%emt 00:00:42]} Bxd3 {[%emt 00:01:01]} 7.
Qxd3 {[%emt 00:00:06]} e6 {[%clk 01:25:59]} {[%emt 00:00:14]} 8. O-O {[%clk
01:26:27]} {[%emt 00:00:59]} Be7 {[%clk 01:25:30]} {[%emt 00:00:39]} 9. Nc3
{[%clk 01:25:21]} {[%emt 00:01:16]} O-O {[%clk 01:25:08]} {[%emt 00:00:31]} 10.
cxd5 {[%clk 01:23:28]} {[%emt 00:02:04]} exd5 {[%clk 01:24:19]} {[%emt
00:00:58]} 11. Bd2 {[%clk 01:23:17]} {[%emt 00:00:21]} Re8 {[%clk 01:23:29]}
{[%emt 00:01:00]} 12. Rac1 {[%clk 01:23:02]} {[%emt 00:00:24]} Bd6 {[%clk
01:20:20]} {[%emt 00:03:20]} 13. dxc5 {[%clk 01:22:48]} {[%emt 00:00:25]} Bxc5
{[%clk 01:20:15]} {[%emt 00:00:14]} 14. Nxd5 {[%clk 01:22:20]} {[%emt
00:00:38]} Bb6 {[%clk 01:09:27]} {[%emt 00:10:59]} 15. Nxf6+ {[%clk 01:22:14]}
{[%emt 00:00:14]} Qxf6 {[%clk 01:09:22]} {[%emt 00:00:15]} 16. Bc3 {[%emt
00:05:49]} Qh6 {[%clk 01:03:53]} {[%emt 00:00:08]} 17. Rfd1 {[%clk 01:19:35]}
{[%emt 00:02:41]} Rad8 {[%clk 01:01:45]} {[%emt 00:02:19]} 18. Qc2 {[%clk
01:14:02]} {[%emt 00:05:43]} Re6 {[%clk 00:58:58]} {[%emt 00:02:53]} 19. Rxd8+
{[%clk 01:13:05]} {[%emt 00:01:11]} Bxd8 {[%clk 00:58:45]} {[%emt 00:00:22]} 20.
Rd1 {[%clk 01:12:18]} {[%emt 00:01:00]} Bb6 {[%clk 00:54:43]} {[%emt 00:04:11]}
21. Bd4 {[%clk 01:06:05]} {[%emt 00:06:23]} Bxd4 {[%clk 00:53:04]} {[%emt
00:01:49]} 22. Nxd4 {[%clk 01:05:56]} {[%emt 00:00:19]} Rd6 {[%clk 00:50:53]}
{[%emt 00:02:20]} 23. Nxc6 {[%clk 01:05:28]} {[%emt 00:00:38]} Rxd1+ {[%clk
00:49:55]} {[%emt 00:01:09]} 24. Qxd1 {[%clk 01:05:28]} {[%emt 00:00:07]} Qf6
{[%clk 00:47:36]} {[%emt 00:02:27]} 25. Qd8+ {[%clk 01:05:20]} {[%emt
00:00:20]} Qxd8 {[%emt 00:00:12]} 26. Nxd8 {[%emt 00:00:05]} b5 {[%clk
00:46:57]} {[%emt 00:00:31]} 27. b3 {[%clk 01:04:54]} {[%emt 00:00:36]} Kf8
{[%clk 00:46:40]} {[%emt 00:00:27]} 28. Nc6 {[%clk 01:04:50]} {[%emt 00:00:15]}
a6 {[%clk 00:46:34]} {[%emt 00:00:15]} 29. a4 {[%clk 01:04:47]} {[%emt
00:00:14]} Ke8 {[%clk 00:45:49]} {[%emt 00:00:55]} 30. axb5 {[%clk 01:04:40]}
{[%emt 00:00:17]} axb5 {[%clk 00:45:46]} {[%emt 00:00:13]} 31. Nd4 {[%clk
01:04:40]} {[%emt 00:00:07]} Kd7 {[%clk 00:45:11]} {[%emt 00:00:44]} 32. Nxb5
{[%clk 01:04:40]} {[%emt 00:00:08]} Kc6 {[%clk 00:43:24]} {[%emt 00:01:57]} 33.
Nd4+ {[%clk 01:04:36]} {[%emt 00:00:15]} Kd5 {[%clk 00:43:23]} {[%emt
00:00:11]} 34. Nf3 {[%clk 01:04:28]} {[%emt 00:00:18]} f6 {[%clk 00:42:44]}
{[%emt 00:00:49]} 35. Kf1 {[%clk 01:04:11]} {[%emt 00:00:27]} g5 {[%clk
00:42:11]} {[%emt 00:00:43]} 36. Ke2 {[%clk 01:03:59]} {[%emt 00:00:21]} h5
{[%clk 00:41:42]} {[%emt 00:00:39]} 37. Nd4 {[%clk 01:03:57]} {[%emt 00:00:13]}
g4 {[%clk 00:40:41]} {[%emt 00:01:10]} 38. hxg4 {[%clk 01:03:57]} {[%emt
00:00:07]} hxg4 {[%clk 00:40:41]} {[%emt 00:00:06]} 39. f3 {[%clk 01:03:53]}
{[%emt 00:00:13]} g3 {[%clk 00:40:22]} {[%emt 00:00:29]} 40. Nf5 {[%clk
01:03:53]} {[%emt 00:00:10]} Kc5 {[%clk 00:40:10]} {[%emt 00:00:22]} 41. Nxg3
{[%clk 01:03:50]} {[%emt 00:00:13]} Kb4 {[%clk 00:40:04]} {[%emt 00:00:16]} 42.
Nh5 {[%clk 01:03:44]} {[%emt 00:00:15]} f5 {[%clk 00:40:04]} {[%emt 00:00:09]}
43. Ng3 {[%clk 01:03:41]} {[%emt 00:00:12]} f4 {[%clk 00:39:51]} {[%emt
00:00:24]} 44. exf4 {[%clk 01:03:41]} {[%emt 00:00:08]} Kxb3 {[%clk 00:39:51]}
{[%emt 00:00:06]} 45. f5 {[%clk 01:03:33]} {[%emt 00:00:18]} Kc4 {[%clk
00:39:46]} {[%emt 00:00:15]} 46. f6 {[%clk 01:03:33]} {[%emt 00:00:07]} Kd5
{[%clk 00:39:39]} {[%emt 00:00:17]} 47. f7 {[%clk 01:03:33]} {[%emt 00:00:07]}
1-0

[Event "2024 National Middle School Championship"]
[Site "Atlanta, Georgia, United States"]
[Date "2024.05.12"]
[Round "7.19"]
[White "Nuckolls, Cooper Dylan"]
[Black "Piracha, Muneeb"]
[Result "0-1"]
[TimeControl "G/90;d10"]
[WhiteElo "872"]
[BlackElo "890"]

1. d4 {[%clk 01:30:00]} {[%emt 00:00:02]} d5 {[%clk 01:30:00]} {[%emt
00:00:09]} 2. Bf4 {[%clk 01:30:00]} {[%emt 00:00:06]} Nf6 {[%clk 01:29:40]}
{[%emt 00:00:30]} 3. Nf3 {[%clk 01:30:00]} {[%emt 00:00:04]} b6 {[%clk
01:29:18]} {[%emt 00:00:32]} 4. e3 {[%clk 01:29:55]} {[%emt 00:00:15]} Bb7
{[%clk 01:29:08]} {[%emt 00:00:19]} 5. Nbd2 {[%clk 01:29:26]} {[%emt 00:00:40]}
e6 {[%clk 01:28:56]} {[%emt 00:00:57]} 6. c3 {[%clk 01:27:29]} {[%emt
00:02:08]} Nbd7 {[%clk 01:28:38]} {[%emt 00:00:27]} 7. Bd3 {[%clk 01:26:45]}
{[%emt 00:00:55]} Be7 {[%clk 01:28:25]} {[%emt 00:00:23]} 8. O-O {[%clk
01:26:37]} {[%emt 00:00:18]} O-O {[%clk 01:28:08]} {[%emt 00:00:27]} 9. Ne5
{[%clk 01:25:25]} {[%emt 00:01:23]} c5 {[%clk 01:27:44]} {[%emt 00:00:33]} 10.
Nxd7 {[%clk 01:24:44]} {[%emt 00:00:52]} Qxd7 {[%clk 01:27:26]} {[%emt
00:00:28]} 11. Nf3 {[%clk 01:24:17]} {[%emt 00:00:36]} Bd6 {[%clk 01:24:53]}
{[%emt 00:02:43]} 12. Bxd6 {[%clk 01:23:30]} {[%emt 00:00:58]} Qxd6 {[%clk
01:24:42]} {[%emt 00:00:20]} 13. dxc5 {[%clk 01:22:00]} {[%emt 00:01:41]} bxc5
{[%clk 01:24:35]} {[%emt 00:00:17]} 14. c4 {[%clk 01:21:43]} {[%emt 00:00:27]}
Rfc8 {[%clk 01:21:56]} {[%emt 00:02:48]} 15. b3 {[%clk 01:21:18]} {[%emt
00:00:36]} d4 {[%clk 01:16:10]} {[%emt 00:05:56]} 16. exd4 {[%clk 01:21:11]}
{[%emt 00:00:16]} cxd4 {[%clk 01:16:00]} {[%emt 00:00:20]} 17. Re1 {[%clk
01:19:57]} {[%emt 00:01:24]} Rc5 {[%clk 01:12:22]} {[%emt 00:03:47]} 18. Qc2
{[%clk 01:18:37]} {[%emt 00:01:30]} Bxf3 {[%clk 01:10:28]} {[%emt 00:02:06]} 19.
gxf3 {[%clk 01:18:27]} {[%emt 00:00:19]} Rg5+ {[%clk 01:09:25]} {[%emt
00:01:13]} 20. Kf1 {[%clk 01:18:02]} {[%emt 00:00:35]} Qxh2 {[%clk 01:05:26]}
{[%emt 00:04:09]} 21. Ke2 {[%clk 01:16:25]} {[%emt 00:01:47]} Re5+ {[%clk
01:04:38]} {[%emt 00:00:57]} 22. Kd1 {[%clk 01:15:00]} {[%emt 00:01:36]} Rxe1+
{[%clk 01:03:43]} {[%emt 00:01:05]} 23. Kxe1 {[%clk 01:14:50]} {[%emt
00:00:19]} Qh1+ {[%clk 01:03:16]} {[%emt 00:00:39]} 24. Bf1 {[%clk 01:14:50]}
{[%emt 00:00:07]} Qxf3 {[%clk 01:02:26]} {[%emt 00:00:59]} 25. Qd3 {[%clk
01:14:43]} {[%emt 00:00:18]} Qxd3 {[%clk 01:00:00]} {[%emt 00:02:36]} 26. Bxd3
{[%clk 01:14:43]} {[%emt 00:00:06]} Kf8 {[%clk 00:58:25]} {[%emt 00:01:46]} 27.
c5 {[%clk 01:13:38]} {[%emt 00:01:14]} Nd5 {[%clk 00:57:04]} {[%emt 00:01:30]}
28. Rc1 {[%clk 01:13:35]} {[%emt 00:00:14]} Nb4 {[%clk 00:56:26]} {[%emt
00:00:49]} 29. Be4 {[%clk 01:12:19]} {[%emt 00:01:26]} Rc8 {[%clk 00:52:37]}
{[%emt 00:03:58]} 30. a3 {[%clk 01:09:54]} {[%emt 00:02:35]} Na2 {[%clk
00:50:26]} {[%emt 00:02:21]} 31. Rc2 {[%clk 01:08:56]} {[%emt 00:01:08]} Nc3
{[%clk 00:49:30]} {[%emt 00:01:06]} 32. Bxh7 {[%clk 01:07:31]} {[%emt
00:01:35]} g6 {[%clk 00:48:52]} {[%emt 00:00:47]} 33. f3 {[%clk 01:07:13]}
{[%emt 00:00:28]} Kg7 {[%clk 00:48:13]} {[%emt 00:00:50]} 34. Bxg6 {[%clk
01:06:12]} {[%emt 00:01:11]} Kxg6 {[%clk 00:47:43]} {[%emt 00:00:39]} 35. b4
{[%clk 01:06:05]} {[%emt 00:00:17]} a5 {[%clk 00:45:56]} {[%emt 00:01:58]} 36.
Kd2 {[%clk 01:04:59]} {[%emt 00:01:17]} axb4 {[%clk 00:44:47]} {[%emt
00:01:20]} 37. axb4 {[%clk 01:04:56]} {[%emt 00:00:11]} Kf6 {[%clk 00:41:03]}
{[%emt 00:03:55]} 38. Kd3 {[%clk 01:04:19]} {[%emt 00:00:46]} e5 {[%clk
00:37:59]} {[%emt 00:03:15]} 39. Kc4 {[%clk 01:03:04]} {[%emt 00:01:25]} Ke6
{[%clk 00:37:16]} {[%emt 00:00:53]} 40. b5 {[%clk 01:02:31]} {[%emt 00:00:42]}
Nd5 {[%clk 00:36:32]} {[%emt 00:00:55]} 41. c6 {[%clk 01:01:51]} {[%emt
00:00:50]} Kd6 {[%clk 00:30:54]} {[%emt 00:05:49]} 42. Ra2 {[%clk 01:00:16]}
{[%emt 00:01:46]} Nb6+ {[%clk 00:26:43]} {[%emt 00:04:20]} 43. Kb4 {[%clk
00:59:59]} {[%emt 00:00:25]} Ra8 {[%clk 00:25:44]} {[%emt 00:01:11]} 44. Rc2
{[%clk 00:58:34]} {[%emt 00:01:35]} Nd5+ {[%clk 00:22:31]} {[%emt 00:03:22]} 45.
Kb3 {[%clk 00:56:55]} {[%emt 00:01:49]} Kc7 {[%clk 00:21:15]} {[%emt 00:01:27]}
46. Rd2 {[%clk 00:54:58]} {[%emt 00:02:06]} Kb6 {[%clk 00:20:42]} {[%emt
00:00:44]} 47. Kc4 {[%clk 00:54:27]} {[%emt 00:00:41]} Nc7 {[%clk 00:19:32]}
{[%emt 00:01:20]} 48. Rb2 {[%clk 00:53:58]} {[%emt 00:00:39]} Ra5 {[%clk
00:18:01]} {[%emt 00:01:41]} 49. f4 {[%clk 00:52:23]} {[%emt 00:01:43]} exf4
{[%clk 00:17:17]} {[%emt 00:00:55]} 50. Kxd4 {[%clk 00:52:23]} {[%emt
00:00:06]} Rxb5 {[%clk 00:17:09]} {[%emt 00:00:19]} 51. Rf2 {[%clk 00:51:31]}
{[%emt 00:01:02]} Kxc6 {[%clk 00:16:49]} {[%emt 00:00:30]} 52. Ke4 {[%clk
00:50:27]} {[%emt 00:01:14]} Ne6 {[%clk 00:16:13]} {[%emt 00:00:46]} 53. Rh2
{[%clk 00:49:53]} {[%emt 00:00:45]} Rb4+ {[%clk 00:15:35]} {[%emt 00:00:48]} 54.
Kf5 {[%clk 00:49:22]} {[%emt 00:00:40]} Kd5 {[%clk 00:14:30]} {[%emt 00:01:16]}
55. Rh4 {[%clk 00:47:42]} {[%emt 00:01:50]} Nd4 {[%clk 00:13:44]} {[%emt
00:00:56]} 56. Kf6 {[%clk 00:47:21]} {[%emt 00:00:30]} f3 {[%clk 00:13:16]}
{[%emt 00:00:39]} 57. Kxf7 {[%clk 00:46:14]} {[%emt 00:01:16]} f2 {[%clk
00:12:46]} {[%emt 00:00:41]} 58. Rf4 {[%clk 00:45:45]} {[%emt 00:00:40]} Rb2
{[%clk 00:12:31]} {[%emt 00:00:24]} 59. Kf6 {[%clk 00:45:22]} {[%emt 00:00:31]}
Rb6+ {[%clk 00:11:33]} {[%emt 00:01:09]} 60. Kg5 {[%clk 00:44:47]} {[%emt
00:00:45]} Ne6 {[%clk 01:30:00]} {[%emt 00:00:14]} 0-1

[Event "2024 National Middle School Championship"]
[Site "Atlanta, Georgia, United States"]
[Date "2024.05.12"]
[Round "7.20"]
[White "Thiru, Rithik"]
[Black "Martin, Keiran"]
[Result "0-1"]
[TimeControl "G/90;d10"]
[WhiteElo "675"]
[BlackElo "631"]

1. e4 {[%clk 01:30:00]} {[%emt 00:00:08]} e5 {[%clk 01:30:00]} {[%emt
00:00:05]} 2. Nf3 {[%clk 01:30:00]} {[%emt 00:00:10]} Nc6 {[%clk 01:30:00]}
{[%emt 00:00:04]} 3. Bb5 {[%clk 01:30:00]} {[%emt 00:00:05]} Bd6 {[%clk
01:28:32]} {[%emt 00:01:38]} 4. Nc3 {[%clk 01:29:38]} {[%emt 00:00:32]} a6
{[%clk 01:28:27]} {[%emt 00:00:15]} 5. Ba4 {[%clk 01:29:16]} {[%emt 00:00:31]}
Nf6 {[%clk 01:26:58]} {[%emt 00:01:39]} 6. O-O {[%emt 00:00:12]} b5 {[%emt
00:00:57]} 7. Bb3 {[%clk 01:27:56]} {[%emt 00:00:22]} Bb7 {[%clk 01:26:40]}
{[%emt 00:00:28]} 8. d3 {[%clk 01:27:51]} {[%emt 00:00:16]} O-O {[%clk
01:26:40]} {[%emt 00:00:06]} 9. Bg5 {[%clk 01:26:59]} {[%emt 00:01:01]} h6
{[%clk 01:26:00]} {[%emt 00:00:51]} 10. Bh4 {[%clk 01:25:23]} {[%emt 00:01:46]}
Be7 {[%clk 01:25:43]} {[%emt 00:00:27]} 11. Re1 {[%clk 01:24:10]} {[%emt
00:01:24]} Re8 {[%clk 01:23:46]} {[%emt 00:01:57]} 12. Bxf6 {[%clk 01:21:28]}
{[%emt 00:03:00]} Bxf6 {[%clk 01:23:08]} {[%emt 00:00:46]} 13. Nd5 {[%clk
01:21:21]} {[%emt 00:00:20]} Be7 {[%clk 01:22:04]} {[%emt 00:01:11]} 14. Qe2
{[%clk 01:20:01]} {[%emt 00:01:33]} Bd6 {[%clk 01:13:40]} {[%emt 00:08:34]} 15.
Rad1 {[%clk 01:19:41]} {[%emt 00:00:29]} Rb8 {[%clk 01:08:38]} {[%emt
00:05:11]} 16. d4 {[%clk 01:15:10]} {[%emt 00:04:43]} a5 {[%clk 01:04:28]}
{[%emt 00:04:14]} 17. dxe5 {[%clk 01:14:37]} {[%emt 00:00:49]} Nxe5 {[%clk
01:04:10]} {[%emt 00:00:28]} 18. Nxe5 {[%clk 01:14:37]} {[%emt 00:00:06]} Bxe5
{[%clk 01:04:10]} {[%emt 00:00:07]} 19. c3 {[%clk 01:13:22]} {[%emt 00:01:26]}
c6 {[%clk 01:03:55]} {[%emt 00:00:25]} 20. Ne3 {[%clk 01:12:51]} {[%emt
00:00:40]} Qc7 {[%clk 01:02:30]} {[%emt 00:01:33]} 21. Ng4 {[%clk 01:08:40]}
{[%emt 00:04:24]} Bd6 {[%clk 01:01:58]} {[%emt 00:00:32]} 22. e5 {[%clk
01:08:07]} {[%emt 00:00:52]} Bc5 {[%clk 00:58:44]} {[%emt 00:03:12]} 23. Qf3
{[%clk 01:04:49]} {[%emt 00:03:41]} Re7 {[%clk 00:53:23]} {[%emt 00:05:31]} 24.
a3 {[%clk 00:56:34]} {[%emt 00:08:25]} b4 {[%clk 00:50:06]} {[%emt 00:03:25]}
25. cxb4 {[%clk 00:56:15]} {[%emt 00:00:30]} axb4 {[%clk 00:48:52]} {[%emt
00:01:24]} 26. axb4 {[%clk 00:55:10]} {[%emt 00:01:15]} Bxb4 {[%clk 00:48:52]}
{[%emt 00:00:02]} 27. Re3 {[%clk 00:52:33]} {[%emt 00:02:48]} Bc5 {[%clk
00:47:08]} {[%emt 00:01:52]} 28. Ree1 {[%clk 00:49:44]} {[%emt 00:03:01]} Bb6
{[%clk 00:46:14]} {[%emt 00:01:02]} 29. Qg3 {[%clk 00:46:49]} {[%emt 00:02:45]}
Kf8 {[%clk 00:44:42]} {[%emt 00:02:01]} 30. Rd6 {[%clk 00:43:04]} {[%emt
00:03:58]} Qxd6 {[%clk 00:42:10]} {[%emt 00:02:42]} 31. exd6 {[%emt 00:00:27]}
Rxe1# {[%emt 00:00:04]} 0-1